Prvú výhru striedala štvrtá prehra

Bibliographic Details
Main Author: Csobádi, Karol, 1956-2016 (Author)
Format: Article
Language:Slovak
ISSN:1335-7581
Subjects:
Online Access:http://korzar.sme.sk/c/6210739/prvu-vyhru-striedala-stvrta-prehra.html

MARC

LEADER 00000nab a2200000 a 4500
001 vtls010340939
003 SK-MaSNL
005 20260318043911.0
008 120209c20120111xo dr| 0 0slo
038 |a RVGKPD 
040 |a RVGKPD  |b slo  |c RVGKPD  |e AACR2 
041 |a slo 
044 |a xo  |c SK 
080 |a 796.966  |2 1997 
100 1 |a Csobádi, Karol,  |d 1956-2016  |4 aut  |9 1634959 
245 1 0 |a Prvú výhru striedala štvrtá prehra  |c Karol Csobádi 
610 2 7 |a HKM 98 Rožňava  |2 rvgkpd  |9 112676 
650 0 7 |a ľadový hokej  |2 rvgkpd  |9 3231 
651 7 |a Rožňava (Slovensko)  |2 rvgkpd  |9 17394 
773 0 |t Gemerský korzár  |g Roč. XIV, č. 8 (11.1.2012), s. 19  |x 1335-7581 
852 |a RVGKPD  |b KIS3G 
856 4 1 |u http://korzar.sme.sk/c/6210739/prvu-vyhru-striedala-stvrta-prehra.html 
992 |a RBX 
999 |c 1815772  |d 1817702